004660000a220010900045001000030000002450146000303000051001767730014002279420008002419520090002499990017003391 aIriarte, Alfredo (1932- )10aMedio siglo de una muerte subterránea : El 30 de mayo de 1945 se suicidó Adolfo Hitler, el criminal de guerra más grande de la historia aVol. 98, Num. 98 (Mayo, 1995), Páginas 50-530 tCambio 16 cANA 001040708HEMaFUSBCbFUSBCd2016-01-26l0o r2016-01-26 00:00:00w2016-01-26yANA c58676d58676